South Eastern Kenya University

Library Online Public Access Catalogue


Commercial law case digest. (Record no. 18653)

MARC details
000 -LEADER
fixed length control field 00455nam a22001815i 4500
001 - CONTROL NUMBER
control field 23994132
003 - CONTROL NUMBER IDENTIFIER
control field OSt
005 - DATE AND TIME OF LATEST TRANSACTION
control field 20251125071018.0
008 - FIXED-LENGTH DATA ELEMENTS--GENERAL INFORMATION
fixed length control field 250116s2020 ke 000 0 eng
010 ## - LIBRARY OF CONGRESS CONTROL NUMBER
LC control number 2024331609
035 ## - SYSTEM CONTROL NUMBER
System control number 23994132
040 ## - CATALOGING SOURCE
Original cataloging agency SEKU
050 ## - LIBRARY OF CONGRESS CALL NUMBER
Classification number KPM 3796.7
Item number .K4
245 00 - TITLE STATEMENT
Title Commercial law case digest.
264 #1 - PRODUCTION, PUBLICATION, DISTRIBUTION, MANUFACTURE, AND COPYRIGHT NOTICE
Place of production, publication, distribution, manufacture Nairobi :
Name of producer, publisher, distributor, manufacturer National Council for Law Reporting,
Date of production, publication, distribution, manufacture, or copyright notice [2020]
300 ## - PHYSICAL DESCRIPTION
Extent xxvi, 351 pages ;
942 ## - ADDED ENTRY ELEMENTS (KOHA)
Source of classification or shelving scheme Library of Congress Classification
Koha item type General circulation
Holdings
Withdrawn status Lost status Source of classification or shelving scheme Damaged status Not for loan Home library Current library Shelving location Date acquired Source of acquisition Total Checkouts Full call number Barcode Date last seen Price effective from Koha item type
    Library of Congress Classification     School of Law Library School of Law Library General Stacks 25/11/2025 Purchase   KPM 3796.7 .K4 2025/028756 25/11/2025 25/11/2025 General circulation
Kitui, Kenya.
+254736116989
library@seku.ac.ke